000
00309 a2200157 4500
001
171574
020
_a
040
_c
Magnum
100
_a
Bandeira, Pedro
240
1
0
_a
E proibido miar
_l
por
245
1
0
_a
E proibido miar
362
0
_a
1899
440
1
_a
Moderna
697
_a
IJ/ANIMAIS
942
_c
BK
999
_c
171574
_d
171574